Advances in research in business and finance, 2005 V.1 : capital markets (Record no. 187248)

MARC details
000 -LEADER
fixed length control field 00494nam a2200157Ia 4500
005 - DATE AND TIME OF LATEST TRANSACTION
control field 20250416171942.0
008 - FIXED-LENGTH DATA ELEMENTS--GENERAL INFORMATION
fixed length control field 231217s9999 xx 000 0 und d
020 ## - INTERNATIONAL STANDARD BOOK NUMBER
International Standard Book Number 9788131403020
082 ## - DEWEY DECIMAL CLASSIFICATION NUMBER
Classification number 332 MIS.1;1 R
100 ## - MAIN ENTRY--PERSONAL NAME
Personal name Mishra, Chandrasekhar. Malhotra, D K.
245 #0 - TITLE STATEMENT
Title Advances in research in business and finance, 2005 V.1 : capital markets
260 ## - PUBLICATION, DISTRIBUTION, ETC. (IMPRINT)
Date of publication, distribution, etc. 2006
Name of publisher, distributor, etc. Icfai
Place of publication, distribution, etc. Hyderabad
300 ## - PHYSICAL DESCRIPTION
Extent xi, 240
650 ## - SUBJECT ADDED ENTRY--TOPICAL TERM
Topical term or geographic name as entry element Advances,business,finance,,2005,V.1,capital,markets
942 ## - ADDED ENTRY ELEMENTS (KOHA)
Koha item type Books
Holdings
Date last seen Total Checkouts Full call number Accession number Old discount Cost, replacement price Price effective from Category Public note Lost status Damaged status Department Withdrawn status bill no. bill date Permanent Location Current Location Shelving location Entry date Vendor Cost, normal purchase price Grants Currency symbol Conversion rate Discount Discount type
26/01/2024   332 MIS.1;1 R 63974   38.00 26/01/2024 Books 63974     Central Library   1993 25/02/2014 Central Library Central Library Central Library 24/07/2010 ICFAI Press 38.00 MBA RS 1   Rupees
26/01/2024   332 MIS.1;2 R1 66566   38.00 26/01/2024 Books 66566     F-Block Annex   1993 27/10/2014 Central Library Central Library F-Block Library Annex 23/10/2010 ICFAI Press 38.00 MBA RS 1   Rupees
26/01/2024   332 MIS.1;3 66567   38.00 26/01/2024 Books 66567     Central Library   1993 27/10/2014 Central Library Central Library Central Library 23/10/2010 ICFAI Press 38.00 MBA RS 1   Rupees

© For any Suggestions or Query, please contact the library staff @ librarian@pes.edu or Phone: +9180 2672 1983/ 2108.